[Event "ESP-ch U18"]
[Site "Mondariz"]
[Date "2005.09.28"]
[Round "2"]
[White "Cabrera Trujillo, Jorge Juan"]
[Black "Zamarbide Inarrea, Borja"]
[Result "1-0"]
[WhiteElo "2059"]
[BlackElo "2180"]
[PlyCount "43"]
[EventDate "2005.09.27"]
[EventType "swiss"]
[EventRounds "9"]
[EventCountry "ESP"]
[SourceTitle "CBM 108 Extra"]
[Source "ChessBase"]
[SourceDate "2005.11.04"]
[SourceVersion "1"]
[SourceVersionDate "2005.11.04"]
[SourceQuality "1"]

1. e4 c5 2. Nf3 e6 3. d4 cxd4 4. Nxd4 a6 5. Be2 Nf6 6. Nc3 Bb4 7. Qd3 Qc7 8. 0-0 Nc6 9. Kh1 Nxd4 10. Qxd4 Bc5 11. Qd3 b5 12. f4 d6 13. Bf3 Rb8 14. e5 Nd7 15. exd6 Qxd6 16. Qe2 Nf6 17. f5 0-0 18. Ne4 Nxe4 19. Bxe4 f6 20. fxe6 Qxe6 21. Bf4 Bb7 22. Bxh7+ 1-0

[Event "Mondragon Arrasate Hiria op 4th"]
[Site "Mondragon"]
[Date "2004.10.15"]
[Round "4.5"]
[White "Ruiz Martinez, Isidro"]
[Black "Zamarbide Inarrea, Borja"]
[Result "0-1"]
[WhiteElo "2052"]
[BlackElo "2132"]
[PlyCount "98"]
[EventDate "2004.09.24"]
[EventType "swiss"]
[EventRounds "6"]
[EventCountry "ESP"]
[SourceTitle "CBM 103 Extra"]
[Source "ChessBase"]
[SourceDate "2005.01.01"]
[SourceVersion "1"]
[SourceVersionDate "2005.01.01"]
[SourceQuality "1"]

1. e4 e6 2. d4 d5 3. Nc3 Bb4 4. e5 c5 5. a3 Ba5 6. Qg4 Ne7 7. Qxg7 Rg8 8. Qxh7 cxd4 9. b4 dxc3 10. bxa5 Nbc6 11. Nf3 Qc7 12. Bf4 Bd7 13. a6 b6 14. Bb5 0-0-0 15. 0-0 Nf5 16. Qxf7 Rdf8 17. Qh7 Rg7 18. Qh3 Qd8 19. g3 Ncd4 20. Nxd4 Nxd4 21. Bxd7+ Kxd7 22. Qh6 Qe7 23. Kg2 Nf5 24. Qh5 Rh7 25. Qe2 Qg7 26. Qb5+ Kc7 27. Rh1 Nh4+ 28. Kf1 Rxf4 29. gxh4 Qxe5 30. Rg1 Qf5 31. Rg8 Qxc2 32. Rc8+ Kd6 33. Rc6+ Ke7 34. Qe2 Qxe2+ 35. Kxe2 Kd7 36. Rxc3 Rfxh4 37. Rac1 Rxh2 38. Rc7+ Kd6 39. Rb7 Rd7 40. Rc8 Rhh7 41. Rbb8 Rh4 42. Rb7 Ra4 43. Rbb8 Rxa3 44. Rc2 Rxa6 45. Rbc8 Ra4 46. Ke3 Rh7 47. R2c6+ Ke5 48. Rf8 Rh3+ 49. Ke2 Rc4 0-1

[Event "ESP-ch U18"]
[Site "Mondariz"]
[Date "2004.07.22"]
[Round "6"]
[White "Oms Fuentes, Lluis"]
[Black "Zamarbide Inarrea, Borja"]
[Result "1/2-1/2"]
[WhiteElo "2164"]
[BlackElo "2108"]
[PlyCount "96"]
[EventDate "2004.07.18"]
[EventType "swiss"]
[EventRounds "9"]
[EventCountry "ESP"]
[SourceTitle "EXT 2005"]
[Source "ChessBase"]
[SourceDate "2004.11.15"]
[SourceVersion "1"]
[SourceVersionDate "2004.11.15"]
[SourceQuality "1"]

1. e4 e6 2. d4 d5 3. Nc3 Bb4 4. Qg4 Nf6 5. Qxg7 Rg8 6. Qh6 c5 7. e5 cxd4 8. a3 Bf8 9. Qxf6 Qxf6 10. exf6 dxc3 11. Ne2 Nd7 12. Nxc3 Bd6 13. g3 Nxf6 14. Bg2 Bd7 15. 0-0 Bc6 16. Re1 Kd7 17. Ne2 Bc5 18. Nf4 Bb5 19. h3 Rxg3 20. a4 Ba6 21. c3 Ne4 22. Rxe4 dxe4 23. b4 Rag8 24. bxc5 R3g7 25. Kh1 e5 26. Bxe4 Rg1+ 27. Kh2 exf4 28. Bb2 Rxa1 29. Bxa1 Re8 30. Bf3 Re5 31. Bb2 Rxc5 32. h4 f5 33. h5 Rc4 34. Bd1 b6 35. Bc2 Rc5 36. Ba3 Rd5 37. Bc1 Bd3 38. Bb3 Rc5 39. Bxf4 Rxc3 40. Bg8 Ke7 41. Bxh7 Rc8 42. Be5 Be2 43. h6 Rc6 44. Bg7 Kf7 45. Bxf5 Bh5 46. Bb1 Kg8 47. f4 Bf7 48. Kg2 Rg6+ 1/2-1/2

[Event "La Roda op 31st"]
[Site "La Roda"]
[Date "2004.04.10"]
[Round "6"]
[White "Zamarbide Inarrea, Borja"]
[Black "Kovacevic, Slobodan"]
[Result "1/2-1/2"]
[WhiteElo "2108"]
[BlackElo "2396"]
[PlyCount "75"]
[EventDate "2004.04.07"]
[EventType "swiss"]
[EventRounds "9"]
[EventCountry "ESP"]
[SourceTitle "CBM 099 Extra"]
[Source "ChessBase"]
[SourceDate "2004.05.04"]
[SourceVersion "1"]
[SourceVersionDate "2004.05.04"]
[SourceQuality "1"]

1. d4 Nf6 2. Bg5 c5 3. c3 e6 4. e4 cxd4 5. Qxd4 Nc6 6. Bxf6 gxf6 7. Qe3 h5 8. g3 Bh6 9. Qe2 b5 10. Bg2 b4 11. c4 Ba6 12. b3 Bg7 13. Nd2 Qa5 14. Ngf3 f5 15. Rd1 Qxa2 16. exf5 Rd8 17. 0-0 Bb7 18. Qe3 Ne7 19. fxe6 dxe6 20. Ne4 0-0 21. Nd6 Ba8 22. Nxf7 Rxd1 23. Rxd1 Qc2 24. Nh6+ Kh8 25. Nf7+ Rxf7 26. Rd8+ Rf8 27. Rxf8+ Bxf8 28. Qe5+ Kg8 29. Qxe6+ Kg7 30. Qe5+ Kg8 31. Qe6+ Kh8 32. Qf6+ Kg8 33. Qe6+ Kh8 34. Qf6+ Kg8 35. Qe6+ Kg7 36. Qe5+ Kg8 37. Qe6+ Kg7 38. Qe5+ 1/2-1/2

[Event "ESP-ch U16"]
[Site "Mondariz"]
[Date "2003.07.17"]
[Round "6.6"]
[White "Abuin Boullon, Manuel Angel"]
[Black "Zamarbide Inarrea, Borja"]
[Result "1-0"]
[WhiteElo "2117"]
[BlackElo "2138"]
[PlyCount "85"]
[EventDate "2003.07.15"]
[EventType "swiss"]
[EventRounds "8"]
[EventCountry "ESP"]
[SourceTitle "CBM 095 Extra"]
[Source "ChessBase"]
[SourceDate "2003.09.04"]
[SourceVersion "1"]
[SourceVersionDate "2003.09.04"]
[SourceQuality "1"]

1. e4 c5 2. Nf3 Nc6 3. d4 cxd4 4. Nxd4 e5 5. Nb5 a6 6. Nd6+ Bxd6 7. Qxd6 Qf6 8. Qd2 Qg6 9. f3 Nge7 10. a4 d5 11. Qg5 dxe4 12. Qxg6 hxg6 13. fxe4 Nb4 14. Na3 Rh4 15. Bd3 Nxd3+ 16. cxd3 Be6 17. Bg5 Rh8 18. Bxe7 Kxe7 19. Rc1 Rac8 20. Rc3 Bb3 21. Rxb3 Rc1+ 22. Kf2 Rxh1 23. Rxb7+ Kf6 24. Rb6+ Kg5 25. Nc4 Kf4 26. g3+ Kg5 27. h4+ Kh5 28. Nxe5 Rd8 29. Kg2 Rc1 30. Nxf7 Rxd3 31. Rxa6 Rd2+ 32. Kf3 Rf1+ 33. Ke3 Rff2 34. Ra5+ Kg4 35. Rg5+ Kh3 36. Nh8 Rfe2+ 37. Kf4 Rd4 38. Nxg6 Rxa4 39. Kf3 Rexe4 40. Nf4+ Rxf4+ 41. gxf4 Rb4 42. Rxg7 Rxb2 43. h5 1-0

[Event "ESP-ch U16"]
[Site "Mondariz"]
[Date "2003.07.17"]
[Round "5.8"]
[White "Zamarbide Inarrea, Borja"]
[Black "Guerrero Arroyo, Pedro"]
[Result "1-0"]
[WhiteElo "2138"]
[BlackElo "2067"]
[PlyCount "75"]
[EventDate "2003.07.15"]
[EventType "swiss"]
[EventRounds "8"]
[EventCountry "ESP"]
[SourceTitle "CBM 095 Extra"]
[Source "ChessBase"]
[SourceDate "2003.09.04"]
[SourceVersion "1"]
[SourceVersionDate "2003.09.04"]
[SourceQuality "1"]

1. e4 c5 2. Nf3 Nc6 3. Bb5 Nd4 4. Bc4 e6 5. Nc3 a6 6. d3 d5 7. exd5 b5 8. Bb3 Nxb3 9. axb3 exd5 10. Nxb5 Bb7 11. Qe2+ Be7 12. Nc3 Nf6 13. 0-0 0-0 14. Bg5 Re8 15. Rfe1 Qd7 16. Qd2 h6 17. Bh4 d4 18. Bxf6 Bxf6 19. Ne4 Be7 20. Qf4 Qd5 21. Rad1 Rad8 22. Rd2 f5 23. c4 g5 24. Qc7 Qc6 25. Qxc6 Bxc6 26. Ng3 Bxf3 27. Nxf5 Bg4 28. Nxh6+ Kg7 29. Nxg4 Bd6 30. Rde2 Rxe2 31. Rxe2 Rb8 32. Re6 Bf4 33. g3 Bc1 34. Rxa6 Rxb3 35. Ne5 Rxb2 36. Rg6+ Kh7 37. Rc6 Rd2 38. Rxc5 1-0

[Event "ESP-ch U16"]
[Site "Mondariz"]
[Date "2003.07.16"]
[Round "4.4"]
[White "Camacho Collados, Jose"]
[Black "Zamarbide Inarrea, Borja"]
[Result "1-0"]
[WhiteElo "2093"]
[BlackElo "2138"]
[PlyCount "43"]
[EventDate "2003.07.15"]
[EventType "swiss"]
[EventRounds "8"]
[EventCountry "ESP"]
[SourceTitle "CBM 095 Extra"]
[Source "ChessBase"]
[SourceDate "2003.09.04"]
[SourceVersion "1"]
[SourceVersionDate "2003.09.04"]
[SourceQuality "1"]

1. e4 c5 2. Nf3 Nc6 3. d3 e6 4. g3 g6 5. Bg2 Bg7 6. 0-0 Nge7 7. c3 d5 8. Nbd2 0-0 9. Re1 Qc7 10. Qe2 b5 11. e5 a5 12. Nf1 Ba6 13. h4 h5 14. N1h2 d4 15. cxd4 cxd4 16. g4 hxg4 17. Nxg4 Nf5 18. h5 gxh5 19. Nf6+ Bxf6 20. exf6 Kh7 21. Nh4 Rh8 22. Nxf5 1-0

[Event "Andorra op 21st"]
[Site "Andorra"]
[Date "2003.07.13"]
[Round "9"]
[White "Zamarbide Inarrea, Borja"]
[Black "Antoli Royo, Joaquin Miguel"]
[Result "1-0"]
[WhiteElo "2135"]
[BlackElo "2235"]
[PlyCount "27"]
[EventDate "2003.07.05"]
[EventType "swiss"]
[EventRounds "9"]
[EventCountry "AND"]
[SourceTitle "CBM 095 Extra"]
[Source "ChessBase"]
[SourceDate "2003.09.04"]
[SourceVersion "1"]
[SourceVersionDate "2003.09.04"]
[SourceQuality "1"]

1. e4 Nf6 2. e5 Nd5 3. d4 d6 4. c4 Nb6 5. exd6 cxd6 6. Nc3 g6 7. a4 a5 8. c5 dxc5 9. Bb5+ Bd7 10. dxc5 Bxb5 11. Qxd8+ Kxd8 12. axb5 Nc4 13. f4 a4 14. b3 1-0